000 01480nam a2200409Ia 4500
001 ebr10057263
003 CaPaEBR
006 m u
007 cr cn|||||||||
008 970108s1997 enk sb 001 0 eng d
010 _z 97003405
020 _z0203428870
020 _z0415114691
020 _z0415114705 (pbk.)
040 _aCaPaEBR
_cCaPaEBR
035 _a(OCoLC)560367002
050 1 4 _aHX806
_b.H44 1997eb
082 0 4 _a304.2
_221
100 1 _aHetherington, Kevin.
245 1 4 _aThe badlands of modernity
_h[electronic resource] :
_bheterotopia and social ordering /
_cKevin Hetherington.
260 _aLondon ;
_aNew York :
_bRoutledge,
_c1997.
300 _ax, 164 p.
490 1 _aInternational library of sociology
504 _aIncludes bibliographical references (p. [149]-158) and index.
533 _aElectronic reproduction.
_bPalo Alto, Calif. :
_cebrary,
_d2009.
_nAvailable via World Wide Web.
_nAccess may be limited to ebrary affiliated libraries.
650 0 _aUtopias.
650 0 _aDystopias.
650 0 _aSpace (Architecture)
650 0 _aSpatial behavior.
650 0 _aHuman territoriality.
650 0 _aHuman geography.
650 0 _aSocial psychology.
655 7 _aElectronic books.
_2local
710 2 _aebrary, Inc.
830 0 _aInternational library of sociology.
856 4 0 _uhttp://site.ebrary.com/lib/rucke/Doc?id=10057263
_zAn electronic book accessible through the World Wide Web; click to view
999 _c172590
_d172590